Grammar for English language Teachers : With exercises and a key

Đã lưu trong:
書目詳細資料
主要作者: MARTIN PARROTT
格式: 圖書
語言:Undetermined
出版: Cambridge, UK. Cambridge Univ. Press 2000
主題:
標簽: 添加標簽
沒有標簽, 成為第一個標記此記錄!
Thư viện lưu trữ: Trung tâm Học liệu Trường Đại học Cần Thơ
LEADER 00515nam a2200181Ia 4500
001 CTU_49283
008 210402s9999 xx 000 0 und d
082 |a 425 
082 |b P263 
100 |a MARTIN PARROTT 
245 0 |a Grammar for English language Teachers : With exercises and a key 
245 0 |c MARTIN PARROTT 
260 |a Cambridge, UK. 
260 |b Cambridge Univ. Press 
260 |c 2000 
650 |a english language 
650 |x grammar 
980 |a Trung tâm Học liệu Trường Đại học Cần Thơ